| 000 | 00602nam a2200205 a 4500 | ||
|---|---|---|---|
| 005 | 20240919063805.0 | ||
| 008 | 991125s1987 mx 000 0 spa u | ||
| 020 | _a968162291X | ||
| 035 | _aUPN01000002367 | ||
| 049 | _aCG | ||
| 050 | 4 |
_aF1234.5 O3 _bK7.3 |
|
| 100 | 1 |
_aKrauze, Enrique, _d1947- _928570 |
|
| 245 | 1 | 0 |
_aAlvaro Obregón : _bel vértigo de la victoria / _cEnrique Krauze. |
| 260 |
_aMéxico : _bFCE, _c1987. |
||
| 300 |
_a125 p. : _bil. |
||
| 440 | 0 |
_aBiografía del poder ; _v6 |
|
| 600 | 1 | 4 |
_aOBREGON, ALVARO, _d1880-1928 |
| 651 | 4 |
_aMéxico _xPolítica y gobierno _94512 |
|
| 905 | _aLibro | ||
| 999 |
_c2367 _d2367 |
||